| 000 | 00000cas 2200000zi 4550 |
| 001 | 9.891657 |
| 003 | CaOODSP |
| 005 | 20260424092720 |
| 006 | m o d f |
| 007 | cr ||||||||||| |
| 008 | 200921c20239999qucar p o f0###b0fre|d |
| 022 | |a2563-5530 |
| 040 | |aCaOODSP|bfre|erda|cCaOODSP |
| 043 | |an-cn--- |
| 086 | 1 |aR1-115F-PDF |
| 110 | 1 |aCanada. |bServices aux Autochtones Canada, |eauteur, |eorganisme de publication. |
| 222 | 0|aStratégie ministérielle de développement durable |b(Canada. Services aux Autochtones Canada) |
| 245 | 10|aStratégie ministérielle de développement durable. |
| 264 | 1|a[Gatineau, Québec] : |bServices aux Autochtones Canada = Indigenous Services Canada, |c2020- |
| 310 | |aAnnuel |
| 336 | |atexte|btxt|2rdacontent/fre |
| 337 | |ainformatique|bc|2rdamedia/fre |
| 338 | |aressource en ligne|bcr|2rdacarrier/fre |
| 362 | 1 |aParaît depuis : 2020 à 2023. |
| 500 | |aPublié aussi en anglais sous le titre : Departmental sustainable development strategy. |
| 588 | |aDescription d'après : 2020 à 2023. |
| 588 | |aDernière livraison consultée : 2020 à 2023. |
| 610 | 16|aCanada. |bServices aux Autochtones Canada|vPériodiques. |
| 650 | 6|aDéveloppement durable|xPolitique gouvernementale|zCanada|vPériodiques. |
| 655 | 7|aPériodiques|2rvmgf |
| 775 | 08|tDepartmental sustainable development strategy. |w(CaOODSP)9.891656 |